|
|
|
|
| LEADER |
00000nam0a2200000 4500 |
| 001 |
271511 |
| 005 |
20231101234438.0 |
| 035 |
|
|
|a (RuTPU)RU\TPU\book\294693
|
| 090 |
|
|
|a 271511
|
| 100 |
|
|
|a 20141008d1957 m y0rusy50 ca
|
| 101 |
0 |
|
|a rus
|
| 102 |
|
|
|a RU
|
| 105 |
|
|
|a a j 001zy
|
| 200 |
1 |
|
|a Количественный анализ
|e учебник для вузов
|f Е. В. Алексеевский, Р. К. Гольц, А. П. Мусакин
|
| 205 |
|
|
|a 6-е изд., испр.
|
| 210 |
|
|
|a Ленинград
|c Госхимиздат
|d 1957
|
| 215 |
|
|
|a 631 с.
|c ил.
|
| 320 |
|
|
|a Предметный указатель: с. 621-630.
|
| 606 |
1 |
|
|a Количественный анализ
|2 stltpush
|3 (RuTPU)RU\TPU\subj\71230
|9 85225
|
| 610 |
1 |
|
|a весовой анализ
|
| 610 |
1 |
|
|a теория
|
| 610 |
1 |
|
|a методы
|
| 610 |
1 |
|
|a объемный анализ
|
| 610 |
1 |
|
|a метод нейтрализации
|
| 610 |
1 |
|
|a перманганатометрия
|
| 610 |
1 |
|
|a иодометрия
|
| 610 |
1 |
|
|a осаждение
|
| 610 |
1 |
|
|a комплексообразование
|
| 610 |
1 |
|
|a электрохимические методы
|
| 610 |
1 |
|
|a титрование
|
| 610 |
1 |
|
|a полярографические методы
|
| 610 |
1 |
|
|a оптические методы
|
| 610 |
1 |
|
|a спектральный анализ
|
| 610 |
1 |
|
|a газовый анализ
|
| 610 |
1 |
|
|a таблицы
|
| 610 |
1 |
|
|a учебники
|
| 675 |
|
|
|a 543.062(075.8)
|v 3
|
| 700 |
|
1 |
|a Алексеевский
|b Е. В.
|g Евгений Владимирович
|
| 701 |
|
1 |
|a Гольц
|b Р. К.
|g Рудольф Карлович
|
| 701 |
|
1 |
|a Мусакин
|b А. П.
|g Александр Петрович
|
| 801 |
|
1 |
|a RU
|b 63413507
|c 20141008
|
| 801 |
|
2 |
|a RU
|b 63413507
|c 20170907
|g RCR
|
| 942 |
|
|
|c BK
|